[Event "1. Bundesliga 2013/2014"]
[Site "Jenbach, Wolfsberg, St. Veit/Glan"]
[Date "2013.12.07"]
[Round "2"]
[Board "6"]
[White "Toefferl, Heimo"]
[Black "Schramm, Christian"]
[Result "1/2-1/2"]
[WhiteElo "2114"]
[BlackElo "2394"]
[PlyCount "82"]
[EventDate "2013.12.06"]
[EventType "team"]
[EventRounds "11"]
[EventCountry "AUT"]
[WhiteTeam "SV Wolfsberg"]
[BlackTeam "SIR Bernhard Glatz"]

1. d4 g6 2. c4 Bg7 3. e4 d6 4. Nc3 Nc6 5. Nge2 e5 6. d5 Nd4 7. Nxd4 exd4 8. Nb5
a6 9. Nxd4 Qh4 10. Nf3 Qxe4+ 11. Be2 Nf6 12. O-O O-O 13. Bd3 Qg4 14. h3 Qh5 15.
Re1 Bd7 16. Bf1 Rfe8 17. Rxe8+ Rxe8 18. Be3 Bc8 19. Rc1 Bh6 20. Rc3 Bxe3 21.
Rxe3 Rxe3 22. fxe3 Qh6 23. Qd4 Nd7 24. b4 Qf8 25. Qh4 f6 26. Nd4 Ne5 27. Be2 c5
28. bxc5 dxc5 29. Nf3 Qe7 30. Nd2 Nf7 31. Kf2 Nd6 32. Bd3 Kg7 33. Ke2 Bd7 34.
Qf4 b5 35. h4 h5 36. Kf2 g5 37. Qg3 Kh6 38. Qf3 Bg4 39. Qg3 Bd7 40. Qf3 Bg4 41.
Qg3 Bd7 1/2-1/2

[Event "1. Bundesliga 2013/2014"]
[Site "Jenbach, Wolfsberg, St. Veit/Glan"]
[Date "2013.12.07"]
[Round "2"]
[Board "1"]
[White "Babula, Vlastimil"]
[Black "Prohaszka, Peter"]
[Result "1/2-1/2"]
[WhiteElo "2566"]
[BlackElo "2577"]
[PlyCount "61"]
[EventDate "2013.12.06"]
[EventType "team"]
[EventRounds "11"]
[EventCountry "AUT"]
[WhiteTeam "Union Ansfelden"]
[BlackTeam "SV Jacques Lemans St. Veit"]

1. d4 d5 2. c4 c6 3. Nf3 Nf6 4. Nc3 e6 5. Bg5 dxc4 6. e4 b5 7. e5 h6 8. Bh4 g5
9. Bg3 Nd5 10. Nd2 Nd7 11. Be2 Bb7 12. O-O Qb6 13. a4 a6 14. Nde4 O-O-O 15. Qd2
c5 16. axb5 axb5 17. Nxd5 Bxd5 18. Nc3 Nb8 19. Nxd5 Rxd5 20. Bf3 Rxd4 21. Qe2
Be7 22. Ra8 Rhd8 23. Rfa1 R8d7 24. h3 Bd8 25. Kh2 Re7 26. Be4 Rdd7 27. R1a6
Qxa6 28. Rxa6 Nxa6 29. Bc6 Rb7 30. Bxb7+ Rxb7 31. f4 1/2-1/2

[Event "1. Bundesliga 2013/2014"]
[Site "Jenbach, Wolfsberg, St. Veit/Glan"]
[Date "2013.12.07"]
[Round "2"]
[Board "2"]
[White "Kuljasevic, Davorin"]
[Black "Weiss, Christian"]
[Result "1-0"]
[WhiteElo "2567"]
[BlackElo "2386"]
[PlyCount "73"]
[EventDate "2013.12.06"]
[EventType "team"]
[EventRounds "11"]
[EventCountry "AUT"]
[WhiteTeam "SV Jacques Lemans St. Veit"]
[BlackTeam "Union Ansfelden"]

1. d4 c5 2. d5 e6 3. c4 exd5 4. cxd5 d6 5. Nc3 a6 6. a4 g6 7. e4 Bg7 8. Bd3 Ne7
9. h3 Nd7 10. Nf3 Ne5 11. Nxe5 Bxe5 12. Bh6 f5 13. Qd2 fxe4 14. Nxe4 Bf5 15.
O-O Bxe4 16. Bxe4 Ng8 17. Be3 Nf6 18. Bd3 Nd7 19. f4 Bf6 20. g4 O-O 21. g5 Bg7
22. h4 Re8 23. Bf2 Qb6 24. h5 Nf8 25. h6 Qxb2 26. Qxb2 Bxb2 27. Rab1 Bc3 28.
Rxb7 Bd2 29. Kg2 Rab8 30. Rfb1 Rxb7 31. Rxb7 Bxf4 32. Bxa6 Bxg5 33. Bb5 Ra8 34.
Bg3 Bxh6 35. Bxd6 Be3 36. Be5 Bd4 37. Rg7+ 1-0

[Event "1. Bundesliga 2013/2014"]
[Site "Jenbach, Wolfsberg, St. Veit/Glan"]
[Date "2013.12.07"]
[Round "2"]
[Board "4"]
[White "Rogic, Davor"]
[Black "Moser, Guenter"]
[Result "1-0"]
[WhiteElo "2560"]
[BlackElo "2349"]
[PlyCount "149"]
[EventDate "2013.12.06"]
[EventType "team"]
[EventRounds "11"]
[EventCountry "AUT"]
[WhiteTeam "SV Jacques Lemans St. Veit"]
[BlackTeam "Union Ansfelden"]

1. e4 c5 2. Nf3 Nc6 3. d4 cxd4 4. Nxd4 Nf6 5. Nc3 e5 6. Ndb5 d6 7. Bg5 a6 8.
Na3 b5 9. Nd5 Be7 10. Bxf6 Bxf6 11. c4 b4 12. Nc2 Rb8 13. g3 O-O 14. Bg2 Bg5
15. b3 Kh8 16. O-O Be6 17. Qd3 Qc8 18. a3 bxa3 19. Rxa3 Qb7 20. Rfa1 Rfc8 21.
Bf1 h6 22. Nc3 Ra8 23. Ra4 Be7 24. Nd5 Bd8 25. b4 a5 26. b5 Nb8 27. Nde3 Bc7
28. Nb4 Bb6 29. Nbd5 Bd4 30. R1a2 Nd7 31. Rxa5 Nc5 32. Qb1 Rxa5 33. Rxa5 Rb8
34. Bg2 Qd7 35. Qd1 Qd8 36. Ra3 Nd7 37. Nb4 Bc5 38. Nc6 Qe8 39. Rd3 Rc8 40. Nf5
Bxc4 41. Nxd6 Bxd6 42. Rxd6 Nc5 43. Rd8 Rxd8 44. Qxd8 Qxd8 45. Nxd8 Nd7 46. Bf1
Ba2 47. Nc6 Be6 48. f3 g5 49. Kf2 Kg7 50. Ke3 f5 51. exf5 Bxf5 52. Na5 Kf6 53.
Nc4 Be6 54. Nd2 Bd5 55. Bc4 Bb7 56. Bd3 Bd5 57. Be4 Be6 58. Kd3 Ke7 59. Kc3 Kd6
60. Kb4 Nb6 61. Nf1 Nc4 62. Bd3 Nb6 63. Ne3 h5 64. h4 gxh4 65. gxh4 Bf7 66. Be4
Kc7 67. Ka5 Nd7 68. Ka6 Nb6 69. Bd3 Nd7 70. Bc4 Bg6 71. Ka7 Kd6 72. b6 Kc5 73.
b7 e4 74. f4 Kd6 75. Bb5 1-0

[Event "1. Bundesliga 2013/2014"]
[Site "Jenbach, Wolfsberg, St. Veit/Glan"]
[Date "2013.12.07"]
[Round "2"]
[Board "5"]
[White "Felsberger, Alfred"]
[Black "Hoelzl, Franz"]
[Result "0-1"]
[WhiteElo "2352"]
[BlackElo "2336"]
[PlyCount "102"]
[EventDate "2013.12.06"]
[EventType "team"]
[EventRounds "11"]
[EventCountry "AUT"]
[WhiteTeam "Union Ansfelden"]
[BlackTeam "SV Jacques Lemans St. Veit"]

1. e4 e6 2. d4 d5 3. Nc3 Nf6 4. e5 Nfd7 5. f4 c5 6. Nf3 Nc6 7. Be3 Be7 8. Qd2
O-O 9. a3 b6 10. Bb5 Qc7 11. O-O Bb7 12. Rae1 Rad8 13. Kh1 cxd4 14. Nxd4 Nxd4
15. Bxd4 Nc5 16. b4 Ne4 17. Nxe4 dxe4 18. c3 f5 19. Qe3 Qc8 20. Qe2 Rf7 21. Rd1
Bf8 22. Rd2 a6 23. Bc4 b5 24. Bb3 g5 25. fxg5 Be7 26. h4 Bd5 27. Bxd5 Rxd5 28.
g3 Qc6 29. Kh2 Bf8 30. Qh5 Bg7 31. g6 hxg6 32. Qxg6 Qe8 33. Rdf2 Rf8 34. Qg5
Kh7 35. Qe3 Qh5 36. Kg2 Rg8 37. Qe2 Qxe2 38. Rxe2 Bxe5 39. Bxe5 Rxe5 40. Rd2
Kg6 41. Rd6 Kf6 42. h5 Rg5 43. h6 Rh5 44. Rh1 Rxh1 45. Kxh1 e3 46. Rd1 Kg6 47.
Kg2 e2 48. Re1 Kxh6 49. Kf2 Kg5 50. c4 bxc4 51. a4 Kf6 0-1

[Event "1. Bundesliga 2013/2014"]
[Site "Jenbach, Wolfsberg, St. Veit/Glan"]
[Date "2013.12.07"]
[Round "2"]
[Board "6"]
[White "Genser, Harald"]
[Black "Ennsberger, Ulrich"]
[Result "0-1"]
[WhiteElo "2294"]
[BlackElo "2339"]
[PlyCount "70"]
[EventDate "2013.12.06"]
[EventType "team"]
[EventRounds "11"]
[EventCountry "AUT"]
[WhiteTeam "SV Jacques Lemans St. Veit"]
[BlackTeam "Union Ansfelden"]

1. d4 d5 2. c4 e6 3. Nc3 c5 4. cxd5 exd5 5. Nf3 Nc6 6. Bg5 Be7 7. Bxe7 Ngxe7 8.
dxc5 d4 9. Ne4 O-O 10. g3 Qd5 11. Ned2 Qxc5 12. Nb3 Qb6 13. Bg2 Rd8 14. O-O a5
15. Nfd2 a4 16. Nc4 Qa6 17. Nbd2 Be6 18. b3 Nd5 19. Bxd5 Bxd5 20. Nb2 a3 21.
Nd3 Rac8 22. Rc1 b6 23. Nc4 Be4 24. f3 Bxd3 25. Qxd3 b5 26. Nd2 Nb4 27. Rxc8
Rxc8 28. Qxd4 Nxa2 29. Ne4 h6 30. Ra1 Rc1+ 31. Kg2 Rxa1 32. Qxa1 Nb4 33. Nc5
Qa7 34. Ne4 a2 35. Nc3 Qd4 0-1

[Event "1. Bundesliga 2013/2014"]
[Site "Jenbach, Wolfsberg, St. Veit/Glan"]
[Date "2013.12.07"]
[Round "2"]
[Board "2"]
[White "Bindrich, Falko"]
[Black "Rotstein, Arkadij"]
[Result "1-0"]
[WhiteElo "2591"]
[BlackElo "2501"]
[PlyCount "81"]
[EventDate "2013.12.06"]
[EventType "team"]
[EventRounds "11"]
[EventCountry "AUT"]
[WhiteTeam "SK Hohenems"]
[BlackTeam "SK Absam"]

1. Nf3 c5 2. c4 Nc6 3. d4 cxd4 4. Nxd4 Nf6 5. g3 e6 6. Bg2 Bc5 7. Nb3 Be7 8.
O-O b6 9. Nc3 Ba6 10. Nd4 Nxd4 11. Qxd4 Rc8 12. b3 O-O 13. Bb2 Qc7 14. a4 Rfd8
15. Nb5 Qb8 16. Rfd1 d6 17. Qf4 Ne8 18. Ba3 Bf6 19. Ra2 Be5 20. Qe3 Bxb5 21.
axb5 d5 22. cxd5 Nf6 23. Rad2 exd5 24. Bxd5 Nxd5 25. Rxd5 Rxd5 26. Rxd5 Bf6 27.
Bb4 Qc7 28. Qd3 h6 29. Rd7 Qc1+ 30. Kg2 Rc7 31. Rd5 Qc2 32. Qf3 Be7 33. Bd2 Rc5
34. Rd7 Bf6 35. Qa8+ Kh7 36. Rd3 Rxb5 37. Qe4+ g6 38. Qe8 Rf5 39. g4 Re5 40.
Qxf7+ Bg7 41. Rd7 1-0

[Event "1. Bundesliga 2013/2014"]
[Site "Jenbach, Wolfsberg, St. Veit/Glan"]
[Date "2013.12.07"]
[Round "2"]
[Board "3"]
[White "Deglmann, Ludwig"]
[Black "Bezold, Michael"]
[Result "1/2-1/2"]
[WhiteElo "2370"]
[BlackElo "2520"]
[PlyCount "78"]
[EventDate "2013.12.06"]
[EventType "team"]
[EventRounds "11"]
[EventCountry "AUT"]
[WhiteTeam "SK Absam"]
[BlackTeam "SK Hohenems"]

1. d4 g6 2. c4 Bg7 3. e4 d6 4. Nc3 Nf6 5. f3 O-O 6. Be3 b6 7. Nge2 c5 8. d5 e6
9. Ng3 Re8 10. Be2 exd5 11. cxd5 Ba6 12. O-O Qc7 13. Rc1 Qb7 14. Nb5 Bxb5 15.
Bxb5 Re7 16. Bf4 a6 17. Be2 Ne8 18. Qd2 b5 19. b4 c4 20. a4 Nd7 21. a5 Rc8 22.
Bg5 Re5 23. Be3 Re7 24. f4 c3 25. Qc2 f5 26. Bf3 fxe4 27. Nxe4 Ndf6 28. Nxf6+
Bxf6 29. Bf2 Rc4 30. Qd3 Rxf4 31. Rxc3 Bxc3 32. Qxc3 Qc7 33. Qd2 Qc4 34. Re1
Rxe1+ 35. Qxe1 Ng7 36. h3 Rxf3 37. gxf3 Qxd5 38. Qe7 Nf5 39. Qd8+ Kg7 1/2-1/2

[Event "1. Bundesliga 2013/2014"]
[Site "Jenbach, Wolfsberg, St. Veit/Glan"]
[Date "2013.12.07"]
[Round "2"]
[Board "4"]
[White "Breder, Dennis"]
[Black "Pilz, Dieter"]
[Result "1/2-1/2"]
[WhiteElo "2478"]
[BlackElo "2269"]
[PlyCount "162"]
[EventDate "2013.12.06"]
[EventType "team"]
[EventRounds "11"]
[EventCountry "AUT"]
[WhiteTeam "SK Hohenems"]
[BlackTeam "SK Absam"]

1. e4 e5 2. Nf3 Nc6 3. Nc3 Nf6 4. d4 exd4 5. Nxd4 Bb4 6. Nxc6 bxc6 7. Bd3 d5 8.
exd5 cxd5 9. O-O O-O 10. h3 c6 11. Qf3 Be6 12. Ne2 Re8 13. Bg5 Be7 14. Nd4 Bd7
15. Rfe1 Ne4 16. Bxe7 Qxe7 17. Bxe4 dxe4 18. Qe3 c5 19. Nb3 Rac8 20. Rad1 Ba4
21. Rd5 Bxb3 22. axb3 g6 23. Red1 Rc7 24. Rd6 Qe5 25. Rd8 Rce7 26. R1d5 Qxb2
27. Qxc5 Re6 28. R5d6 e3 29. Rxe8+ Rxe8 30. fxe3 h5 31. Rd3 h4 32. Kh2 Qc1 33.
Qc4 Qe1 34. Qf4 Re4 35. Qf3 Re7 36. c4 Kg7 37. Qf4 Re4 38. Qf3 Re6 39. Qf4 Re4
40. Qf3 Re6 41. Rd7 Rf6 42. Rd1 Qc3 43. Qe4 Qxb3 44. Qd4 Kg8 45. Qd8+ Kg7 46.
Qd4 Kg8 47. Qxh4 Qxd1 48. Qxf6 Qd7 49. Qe5 Qc6 50. Qb8+ Kh7 51. Qf4 Kg8 52.
Qb8+ Kh7 53. Qxa7 Qxc4 54. Qd4 Qc1 55. Qe5 Kg8 56. e4 Qe3 57. h4 Qe1 58. Qf4
Qe2 59. e5 Kg7 60. Qg5 Kg8 61. Qf4 Kg7 62. Kh3 Qd3+ 63. Qf3 Qd4 64. Qf6+ Kg8
65. g3 Qd7+ 66. Kg2 Qd5+ 67. Kf2 Qd2+ 68. Kf3 Qd3+ 69. Kg4 Qd7+ 70. e6 Qxe6+
71. Qxe6 fxe6 72. Kf4 Kf7 73. Ke5 Ke7 74. g4 Kf7 75. Ke4 Kf6 76. Kd4 Ke7 77.
Kc5 Kd7 78. g5 Ke8 79. Kd6 Kf7 80. Kc5 Ke8 81. Kd6 Kf7 1/2-1/2

[Event "1. Bundesliga 2013/2014"]
[Site "Jenbach, Wolfsberg, St. Veit/Glan"]
[Date "2013.12.07"]
[Round "2"]
[Board "5"]
[White "De Francesco, Klaus"]
[Black "Atlas, Valery"]
[Result "1/2-1/2"]
[WhiteElo "2231"]
[BlackElo "2444"]
[PlyCount "59"]
[EventDate "2013.12.06"]
[EventType "team"]
[EventRounds "11"]
[EventCountry "AUT"]
[WhiteTeam "SK Absam"]
[BlackTeam "SK Hohenems"]

1. d4 Nf6 2. c4 c5 3. d5 e5 4. Nc3 d6 5. e4 Nbd7 6. Bd3 g6 7. Be3 Bg7 8. f3 h5
9. Qd2 a6 10. a4 Ng8 11. Nge2 Bh6 12. O-O Bxe3+ 13. Qxe3 Ngf6 14. a5 O-O 15.
Bc2 Nh7 16. Rfb1 h4 17. b4 f5 18. exf5 gxf5 19. Qh6 Qg5 20. Qxg5+ Nxg5 21. bxc5
Nxc5 22. Rb6 Rf6 23. f4 Nf7 24. Na4 Nd7 25. Rb4 Rb8 26. Rab1 Kg7 27. Kf2 Kh6
28. g3 hxg3+ 29. hxg3 Kg7 30. Ng1 1/2-1/2

[Event "1. Bundesliga 2013/2014"]
[Site "Jenbach, Wolfsberg, St. Veit/Glan"]
[Date "2013.12.07"]
[Round "2"]
[Board "6"]
[White "Kessler, Luca"]
[Black "Gerhold, Michael"]
[Result "1-0"]
[WhiteElo "2247"]
[BlackElo "2264"]
[PlyCount "57"]
[EventDate "2013.12.06"]
[EventType "team"]
[EventRounds "11"]
[EventCountry "AUT"]
[WhiteTeam "SK Hohenems"]
[BlackTeam "SK Absam"]

1. Nf3 Nf6 2. c4 e6 3. g3 d5 4. Bg2 c5 5. cxd5 exd5 6. d4 Nc6 7. O-O Be7 8. Nc3
O-O 9. Bg5 c4 10. Ne5 Be6 11. Nxc6 bxc6 12. b3 Qa5 13. Qd2 Bb4 14. Bxf6 gxf6
15. Rfc1 Ba3 16. Rc2 Rac8 17. bxc4 dxc4 18. e3 Rfd8 19. Qe2 Bb4 20. Rac1 Re8
21. Ne4 Qd8 22. Qh5 Bd5 23. Qh4 Be7 24. Nd2 Qa5 25. Nxc4 Bxc4 26. Rxc4 Qxa2 27.
Bh3 Ba3 28. Bxc8 Bxc1 29. Rxc1 1-0

[Event "1. Bundesliga 2013/2014"]
[Site "Jenbach, Wolfsberg, St. Veit/Glan"]
[Date "2013.12.08"]
[Round "3"]
[Board "4"]
[White "Wukits, Rene"]
[Black "Atlas, Valery"]
[Result "1/2-1/2"]
[WhiteElo "2267"]
[BlackElo "2444"]
[PlyCount "116"]
[EventDate "2013.12.06"]
[EventType "team"]
[EventRounds "11"]
[EventCountry "AUT"]
[WhiteTeam "tschaturanga"]
[BlackTeam "SK Hohenems"]

1. d4 Nf6 2. c4 c5 3. d5 e5 4. Nc3 d6 5. e4 Nbd7 6. g3 Be7 7. Bg2 O-O 8. Nge2
a6 9. O-O Ne8 10. Be3 g6 11. f4 exf4 12. gxf4 f5 13. Qd2 Ng7 14. Ng3 h5 15.
Rae1 h4 16. Nh1 Bf6 17. Nf2 b5 18. cxb5 axb5 19. Nxb5 Qb6 20. Nxd6 Qxd6 21. e5
Nxe5 22. fxe5 Bxe5 23. Nd3 Bxh2+ 24. Kh1 Nh5 25. Nf4 Nxf4 26. Rxf4 Bg3 27. Rc1
Bb7 28. b4 h3 29. Bf3 cxb4 30. Rxb4 Rxa2 31. Qxa2 Qxb4 32. Rb1 Qc3 33. d6+ Kh8
34. Bxb7 Qxe3 35. d7 Qe5 36. Qd2 Qd6 37. Qh6+ Kg8 38. Bf3 Bf4 39. Rb6 Bxh6 40.
Rxd6 Rd8 41. Rxg6+ Kh7 42. Rb6 Bf4 43. Rb4 Bg3 44. Bc6 Kg7 45. Rb3 f4 46. Ra3
Kf6 47. Ra8 Rxa8 48. Bxa8 Ke7 49. d8=Q+ Kxd8 50. Bf3 Kc7 51. Ba8 Kd6 52. Bf3
Ke5 53. Ba8 Kd4 54. Bf3 Ke3 55. Ba8 Kf2 56. Bb7 h2 57. Ba8 f3 58. Bxf3 Kxf3
 1/2-1/2

[Event "1. Bundesliga 2013/2014"]
[Site "Jenbach, Wolfsberg, St. Veit/Glan"]
[Date "2013.12.08"]
[Round "3"]
[Board "5"]
[White "Froewis, Georg"]
[Black "Leitner, Gerald"]
[Result "0-1"]
[WhiteElo "2430"]
[BlackElo "2199"]
[PlyCount "66"]
[EventDate "2013.12.06"]
[EventType "team"]
[EventRounds "11"]
[EventCountry "AUT"]
[WhiteTeam "SK Hohenems"]
[BlackTeam "tschaturanga"]

1. g3 f5 2. Bg2 Nf6 3. Nf3 g6 4. c4 Bg7 5. O-O O-O 6. Nc3 d6 7. d4 c6 8. Rb1 a5
9. d5 Bd7 10. Qb3 Na6 11. Be3 c5 12. Bd2 Nc7 13. e4 fxe4 14. Ng5 a4 15. Qc2 b5
16. b3 axb3 17. axb3 b4 18. Ncxe4 Bf5 19. h3 Qd7 20. g4 Bxe4 21. Bxe4 Nxe4 22.
Qxe4 Ra2 23. Be3 Rf6 24. Qd3 Qe8 25. Ne4 Rf3 26. Kg2 Qf8 27. Ng5 Rf6 28. Ne4
Rf3 29. Rbe1 Be5 30. Ng5 Rg3+ 31. Kh1 Rxh3+ 32. Kg1 Qh6 33. Kg2 Rg3# 0-1

[Event "1. Bundesliga 2013/2014"]
[Site "Jenbach, Wolfsberg, St. Veit/Glan"]
[Date "2013.12.08"]
[Round "3"]
[Board "6"]
[White "Petschar, Hans"]
[Black "Kessler, Luca"]
[Result "0-1"]
[WhiteElo "2120"]
[BlackElo "2247"]
[PlyCount "60"]
[EventDate "2013.12.06"]
[EventType "team"]
[EventRounds "11"]
[EventCountry "AUT"]
[WhiteTeam "tschaturanga"]
[BlackTeam "SK Hohenems"]

1. e4 e5 2. d4 exd4 3. Qxd4 Nc6 4. Qe3 Nf6 5. Nc3 Bb4 6. Bd2 O-O 7. O-O-O Re8
8. Qg3 Rxe4 9. a3 Ba5 10. f3 Re8 11. Nge2 d5 12. Bg5 Be6 13. h4 Nh5 14. Qh2 f6
15. Bd2 f5 16. Bg5 Qd7 17. g4 Bxc3 18. Nxc3 fxg4 19. fxg4 Bxg4 20. Bh3 Bxh3 21.
Rxd5 Qg4 22. Qxh3 Re1+ 23. Rd1 Rxd1+ 24. Nxd1 Qxh3 25. Rxh3 h6 26. Bd2 Rf8 27.
Rd3 Nf4 28. Rd7 Ne5 29. Re7 Ne2+ 30. Kb1 Rf1 0-1

[Event "1. Bundesliga 2013/2014"]
[Site "Jenbach, Wolfsberg, St. Veit/Glan"]
[Date "2013.12.08"]
[Round "3"]
[Board "1"]
[White "Prohaszka, Peter"]
[Black "Luther, Thomas"]
[Result "1/2-1/2"]
[WhiteElo "2577"]
[BlackElo "2571"]
[PlyCount "145"]
[EventDate "2013.12.06"]
[EventType "team"]
[EventRounds "11"]
[EventCountry "AUT"]
[WhiteTeam "SV Jacques Lemans St. Veit"]
[BlackTeam "SK Absam"]

1. Nf3 c5 2. b3 Nf6 3. Bb2 e6 4. g3 d5 5. Bg2 Nc6 6. O-O Bd6 7. d4 cxd4 8. Nxd4
O-O 9. Nxc6 bxc6 10. c4 a5 11. Nc3 Ba6 12. Qc2 Qe7 13. Rfd1 Rab8 14. cxd5 cxd5
15. e4 Rfc8 16. exd5 Nxd5 17. Qd2 Nxc3 18. Qxd6 Qxd6 19. Rxd6 Bb5 20. Rd2 h6
21. h4 a4 22. bxa4 Bxa4 23. Kh2 Nd1 24. Bd4 Rd8 25. Raxd1 Bxd1 26. Rxd1 Rbc8
27. Bf3 Rc2 28. a4 Ra2 29. Ra1 Rxa1 30. Bxa1 Rd2 31. a5 Ra2 32. Bd4 Rxa5 33. g4
Ra4 34. Be3 h5 35. g5 Rxh4+ 36. Kg3 Ra4 37. Bxh5 Ra1 38. Bg4 Rg1+ 39. Kf4 Ra1
40. g6 Ra4+ 41. Kg3 Rb4 42. Bh5 fxg6 43. Bxg6 Ra4 44. Bg5 Rb4 45. f4 Ra4 46.
Be7 Ra6 47. Kf3 e5 48. f5 e4+ 49. Ke3 Rxg6 50. fxg6 Kh8 51. Bc5 Kg8 52. Kf4 e3
53. Bb4 e2 54. Be1 Kh8 55. Kf5 Kg8 56. Ke6 Kh8 57. Ke7 Kg8 58. Ke8 Kh8 59. Ke7
Kg8 60. Bc3 e1=R+ 61. Bxe1 Kh8 62. Ke8 Kg8 63. Bd2 Kh8 64. Bh6 Kg8 65. Bg5 Kh8
66. Bf6 Kg8 67. Ke7 gxf6 68. Ke6 f5 69. Kxf5 Kg7 70. Kg5 Kg8 71. Kf6 Kf8 72.
g7+ Kg8 73. Kg6 1/2-1/2

[Event "1. Bundesliga 2013/2014"]
[Site "Jenbach, Wolfsberg, St. Veit/Glan"]
[Date "2013.12.08"]
[Round "3"]
[Board "2"]
[White "Rotstein, Arkadij"]
[Black "Kuljasevic, Davorin"]
[Result "1/2-1/2"]
[WhiteElo "2501"]
[BlackElo "2567"]
[PlyCount "69"]
[EventDate "2013.12.06"]
[EventType "team"]
[EventRounds "11"]
[EventCountry "AUT"]
[WhiteTeam "SK Absam"]
[BlackTeam "SV Jacques Lemans St. Veit"]

1. c4 Nf6 2. g3 c6 3. Nf3 d5 4. Qb3 g6 5. Bg2 Bg7 6. d4 O-O 7. O-O Qb6 8. Nc3
Rd8 9. Qxb6 axb6 10. cxd5 Nxd5 11. Nxd5 Rxd5 12. e4 Rda5 13. a3 c5 14. d5 Nd7
15. Rb1 Ra4 16. Re1 Ne5 17. Nxe5 Bxe5 18. Be3 Bd4 19. Bxd4 Rxd4 20. e5 Bf5 21.
Rbd1 Raa4 22. d6 exd6 23. exd6 Bg4 24. Rxd4 Rxd4 25. Re8+ Kg7 26. h3 Rd1+ 27.
Kh2 Be6 28. Rb8 Rxd6 29. Rxb7 c4 30. g4 g5 31. Be4 Rd4 32. Bg2 Rd6 33. Be4 Rd4
34. Bg2 Rd6 35. Be4 1/2-1/2

[Event "1. Bundesliga 2013/2014"]
[Site "Jenbach, Wolfsberg, St. Veit/Glan"]
[Date "2013.12.08"]
[Round "3"]
[Board "3"]
[White "Bosiocic, Marin"]
[Black "Deglmann, Ludwig"]
[Result "1-0"]
[WhiteElo "2554"]
[BlackElo "2370"]
[PlyCount "47"]
[EventDate "2013.12.06"]
[EventType "team"]
[EventRounds "11"]
[EventCountry "AUT"]
[WhiteTeam "SV Jacques Lemans St. Veit"]
[BlackTeam "SK Absam"]

1. d4 f5 2. Bg5 g6 3. Nc3 Bg7 4. h4 h6 5. Bf4 d6 6. e3 Nf6 7. Qf3 O-O 8. Bc4+
Kh8 9. Nge2 Qe8 10. O-O-O e5 11. dxe5 dxe5 12. Bg5 Nc6 13. Nd5 Nxd5 14. Qxd5 a5
15. a3 a4 16. h5 Ra5 17. Qf3 Rc5 18. Ba2 Be6 19. Bxe6 Qxe6 20. hxg6 Qxg6 21.
Qh5 Kh7 22. Rd7 Qxh5 23. Rxh5 Rc4 24. Bxh6 1-0

[Event "1. Bundesliga 2013/2014"]
[Site "Jenbach, Wolfsberg, St. Veit/Glan"]
[Date "2013.12.08"]
[Round "3"]
[Board "4"]
[White "De Francesco, Klaus"]
[Black "Rogic, Davor"]
[Result "0-1"]
[WhiteElo "2231"]
[BlackElo "2560"]
[PlyCount "60"]
[EventDate "2013.12.06"]
[EventType "team"]
[EventRounds "11"]
[EventCountry "AUT"]
[WhiteTeam "SK Absam"]
[BlackTeam "SV Jacques Lemans St. Veit"]

1. d4 d5 2. c4 c6 3. Nf3 Nf6 4. e3 Bf5 5. Nc3 e6 6. Bd3 Bg6 7. O-O Nbd7 8. Qe2
Be7 9. Rd1 Ne4 10. Nd2 f5 11. f3 Nxc3 12. bxc3 O-O 13. a4 Qc7 14. Ba3 c5 15. e4
Nb6 16. a5 Na4 17. Rdc1 fxe4 18. fxe4 Bg5 19. cxd5 exd5 20. Bb5 cxd4 21. cxd4
Nc3 22. Qd3 Qf4 23. Rxc3 Qf2+ 24. Kh1 Bxd2 25. Bxf8 Bxc3 26. Rf1 Qxd4 27. Qf3
Qxe4 28. Qxe4 Bxe4 29. Bd7 Bxa5 30. Be6+ Kh8 0-1

[Event "1. Bundesliga 2013/2014"]
[Site "Jenbach, Wolfsberg, St. Veit/Glan"]
[Date "2013.12.08"]
[Round "3"]
[Board "5"]
[White "Hoelzl, Franz"]
[Black "Duer, Werner"]
[Result "0-1"]
[WhiteElo "2336"]
[BlackElo "2255"]
[PlyCount "52"]
[EventDate "2013.12.06"]
[EventType "team"]
[EventRounds "11"]
[EventCountry "AUT"]
[WhiteTeam "SV Jacques Lemans St. Veit"]
[BlackTeam "SK Absam"]

1. e4 c6 2. d4 d5 3. e5 Bf5 4. Nd2 e6 5. Nb3 Nd7 6. Nf3 Ne7 7. Bd2 Ng6 8. Na5
Qc7 9. b4 f6 10. exf6 Nxf6 11. Bd3 Ne4 12. O-O Bd6 13. b5 O-O 14. h3 Nxd2 15.
Qxd2 Bxd3 16. cxd3 Rxf3 17. gxf3 Nf4 18. Kh1 cxb5 19. Rg1 Rf8 20. Rg4 Nxh3 21.
Qe3 Rf6 22. Nb3 Qf7 23. Re1 Rxf3 24. Qxe6 Nxf2+ 25. Kg2 Nxg4 26. Qxd6 Ne3+ 0-1

[Event "1. Bundesliga 2013/2014"]
[Site "Jenbach, Wolfsberg, St. Veit/Glan"]
[Date "2013.12.08"]
[Round "3"]
[Board "6"]
[White "Meudt, Markus"]
[Black "Genser, Harald"]
[Result "1/2-1/2"]
[WhiteElo "2127"]
[BlackElo "2294"]
[PlyCount "61"]
[EventDate "2013.12.06"]
[EventType "team"]
[EventRounds "11"]
[EventCountry "AUT"]
[WhiteTeam "SK Absam"]
[BlackTeam "SV Jacques Lemans St. Veit"]

1. e4 e6 2. d4 d5 3. Nc3 Nf6 4. e5 Nfd7 5. f4 c5 6. Nf3 Nc6 7. Be3 Be7 8. Qd2
O-O 9. dxc5 Bxc5 10. O-O-O Qb6 11. Nd4 Bxd4 12. Bxd4 Qxd4 13. Qxd4 Nxd4 14.
Rxd4 a6 15. g3 b6 16. Bg2 Ra7 17. Ne2 Rc7 18. Kb1 g5 19. Rd2 Kh8 20. Nd4 gxf4
21. gxf4 Rg8 22. Re1 Nc5 23. c3 Rg4 24. f5 Nd3 25. Rxd3 Rxg2 26. Re2 Rg1+ 27.
Kc2 exf5 28. Rf3 Rg5 29. Ref2 Re7 30. Nxf5 Rxe5 31. Nd6 1/2-1/2

[Event "1. Bundesliga 2013/2014"]
[Site "Jenbach, Wolfsberg, St. Veit/Glan"]
[Date "2013.12.08"]
[Round "3"]
[Board "2"]
[White "Weiss, Christian"]
[Black "Stevic, Hrvoje"]
[Result "0-1"]
[WhiteElo "2386"]
[BlackElo "2620"]
[PlyCount "48"]
[EventDate "2013.12.06"]
[EventType "team"]
[EventRounds "11"]
[EventCountry "AUT"]
[WhiteTeam "Union Ansfelden"]
[BlackTeam "SV Wolfsberg"]

1. c4 e5 2. Nc3 d6 3. d4 exd4 4. Qxd4 Nc6 5. Qd2 Nf6 6. b3 a5 7. Bb2 a4 8. Nd5
axb3 9. axb3 Rxa1+ 10. Bxa1 Ne5 11. Nf3 c6 12. Nxf6+ Qxf6 13. Bc3 Be7 14. Nxe5
dxe5 15. g3 Bc5 16. e3 Qf3 17. Rg1 O-O 18. Be2 Qf6 19. g4 Rd8 20. Qb2 Qh4 21.
Rg3 Qxh2 22. Qc2 Qh6 23. g5 Qh1+ 24. Bf1 g6 0-1

[Event "1. Bundesliga 2013/2014"]
[Site "Jenbach, Wolfsberg, St. Veit/Glan"]
[Date "2013.12.08"]
[Round "3"]
[Board "3"]
[White "Jovanovic, Zoran"]
[Black "Knoll, Hermann"]
[Result "1-0"]
[WhiteElo "2548"]
[BlackElo "2302"]
[PlyCount "127"]
[EventDate "2013.12.06"]
[EventType "team"]
[EventRounds "11"]
[EventCountry "AUT"]
[WhiteTeam "SV Wolfsberg"]
[BlackTeam "Union Ansfelden"]

1. e4 e6 2. d4 d5 3. Nc3 Bb4 4. exd5 exd5 5. Bd3 Ne7 6. Qh5 Nbc6 7. a3 Bxc3+ 8.
bxc3 g6 9. Qf3 Bf5 10. Rb1 b6 11. Ne2 Qd7 12. Ng3 Bxd3 13. cxd3 O-O-O 14. O-O
h5 15. h4 Rdf8 16. Qf6 Rh7 17. a4 Ng8 18. Qf3 Re8 19. Ba3 f6 20. Rfe1 Rd8 21.
Ne2 g5 22. Ng3 gxh4 23. Nf5 h3 24. Qxh3 Nh6 25. Nxh6 Qxh3 26. gxh3 Rxh6 27. Re3
Rg6+ 28. Kh1 Rdg8 29. Rbe1 Kd7 30. Rf3 Rh6 31. Bc1 Rhg6 32. Rf5 Ne7 33. Rxh5 c6
34. Ba3 Nc8 35. Rh7+ R8g7 36. Rxg7+ Rxg7 37. Kh2 a5 38. h4 Rg4 39. Kh3 Rg8 40.
f3 Nd6 41. Bxd6 Kxd6 42. Rb1 Rb8 43. c4 dxc4 44. dxc4 b5 45. cxb5 cxb5 46. axb5
a4 47. Rb4 a3 48. Ra4 Rxb5 49. Rxa3 Kd5 50. Ra4 Rb8 51. h5 Rb1 52. Ra6 Kxd4 53.
Rxf6 Ke5 54. Rf8 Rg1 55. Kh4 Ke6 56. h6 Rh1+ 57. Kg5 Rg1+ 58. Kh5 Rh1+ 59. Kg6
Rg1+ 60. Kh7 Rh1 61. Kg7 Rg1+ 62. Kh8 Rh1 63. h7 Rg1 64. Rf4 1-0